Ultimate Glee Trivia - Statistics

General Stats
  • This quiz has been taken 1,720 times
    1,715 since last reset
  • The average score is 21 of 52
Answer Stats
Question Answer % Correct
Who did Mercedes have a crush on in season 1? Kurt
97%
Who got pregnant in season 1? Quinn
97%
What is the only season that New Directions win Nationals? Season 3
86%
Who substitutes for Will when he is sick? Holly Holiday
79%
What musical instrument do Rachel and Kurt dance on/around in 'Get Back'? Pianos
71%
What does Sue frequently call Kurt? Porcelain
71%
Who wins a Tony Award in the last episode? Rachel
64%
How many different times has 'Don't Stop Believin'' been performed? 6
63%
Who had a heart attack in season 2? Burt
62%
What year did Glee first air? 2009
60%
What year did Glee last air? 2015
60%
What do the fans of Glee call themselves? Gleeks
60%
What musical does Rachel perform in on Broadway? Funny Girl
58%
Who is Rachel's real mother? Shelby Corcoran
58%
What school did Blaine go to before McKinley? Dalton Academy
56%
What character did Darren Criss audition for, before he auditioned for Blaine? Finn
53%
Who gets cat-fished? Ryder
53%
What kind of building do Brittana and Klaine get married in? A Barn
51%
Who had Heather Morris been a back-up dancer for before Glee? Beyonce
50%
What is Brittany's cat called? Lord Tubbington
50%
What is Finn's football jersey number? 5
48%
Who ends up in the hospital in 'Bash'? Kurt
47%
What text is Quinn typing when she gets into a car accident? 'On my way'
46%
Who is Rachel's dance instructor in season 4? Cassandra July
44%
What role does Blaine play in West Side Story Tony
44%
What job does Millie Rose, Marley's mother, have at the school? Lunch Lady
43%
What is McKinley's football team called? McKinley Titans
41%
Who was in the Olympics for Individual Synchronized Swimming? Roz Washington
40%
Where does Santana propose to Brittany? The Choir Room
40%
What cast member got into a car accident before their audition? Lea Michele
35%
What is the first duet between Finn and Rachel? You're the One that I Want
35%
How many episodes of Glee were there? 121
31%
What is Rachel's TV show called? That's So Rachel
29%
What does Sam use to dye his hair? Lemon juice
28%
Instead of singing, what did Cory Monteith do in his audition? Played the drums
25%
What was the last episode called? 'Dreams Come True'
22%
How does Sue try to commit Sue-icide? By eating gummy bear vitamins
19%
What is Will and Emma's son called? Daniel Finn Shuester
19%
What film does Will make Finn watch in his classroom? Saturday Night Fever
18%
What is the first solo by Rory? Bein' Green
17%
What does Kurt say he brings to Finn at night? Warm milk
17%
Which song by Amber Riley is in 'Bash'? Colorblind
16%
What does Puck carve into Finn's tree? 'Quarterback'
14%
Where do Santana, Rachel and Kurt work at in New York? Spotlight Diner
13%
What song do Elliot and Blaine make up? Glitter Rock Vampire
8%
What does Kurt's tattoo say? 'It's Got Bette Midler'
8%
What is the last duet performed between Sam and Blaine? Best Day of My Life
7%
What object does Unique hand out when singing 'The Bitch is Back'? Tiaras
7%
What is the first episode to feature Sue's journal? Vitamin D
4%
How many musical performances were on Glee? 728
3%
What date is Rachel's opening night? 24th April
2%
What was the Glee Club that Will was in called? The Singsations
2%
No matching quizzes found
Score Distribution
Percent of People with Each Score
Percentile by Number Answered
Your Score History
You have not taken this quiz since the last reset